Loading...
| BB | 0 | 4 | 0 | 1 | 40 | 91 | 109.50 | 2 | 4 | 0.00 | 0.00 |
| MB | 0 | 4 | 2 | 0 | 30 | 84 | 100.75 | 2 | 4 | 0.00 | 0.00 |
| AR | 1 | 1 | 0 | 0 | 25 | 75 | 92.50 | 0 | 2 | 0.00 | 0.00 |
| AG | 0 | 2 | 0 | 0 | 20 | 93 | 96.00 | 0 | 2 | 0.00 | 0.00 |
| RC | 0 | 2 | 0 | 0 | 20 | 82 | 95.50 | 2 | 2 | 0.00 | 0.00 |
| TR | 0 | 2 | 0 | 1 | 20 | 84 | 107.50 | 1 | 2 | 0.00 | 0.00 |
| AW | 0 | 1 | 0 | 0 | 10 | 128 | 128.00 | 0 | 1 | 0.00 | 0.00 |
| MV | 0 | 1 | 0 | 1 | 10 | 134 | 134.00 | 0 | 1 | 0.00 | 0.00 |
| RR | 0 | 1 | 0 | 1 | 10 | 136 | 136.00 | 0 | 1 | 0.00 | 0.00 |
| AWD | 0 | 1 | 0 | 0 | 10 | 102 | 102.00 | 0 | 1 | 0.00 | 0.00 |
| KD | 0 | 1 | 0 | 0 | 10 | 107 | 107.00 | 1 | 1 | 0.00 | 0.00 |
| MB | nembutsu | -5 | 64 |
| AR | Pyotr Ilyich Tchaikovsky | 15 | 75 |
| RC | Eleanor Catton | 10 | 82 |
| TR | Texas | 10 | 84 |
| MB | Avicenna | 10 | 84 |
| MB | spleen | -5 | 89 |
| BB | molecular clouds | 10 | 91 |
| AG | garden asparagus | 10 | 93 |
| AG | deforestation in the Amazon | 10 | 99 |
| BB | nucleation | 10 | 100 |